00533nam a2200169Ia 450000500170000000800410001702000180005804100120007608200130008810000190010124501340012025000120025426000360026630000190030265000160032165000260033720260429112210.0260429s9999||||xx |||||||||||||| ||und|| a9789387826083 aEnglish a954bBUR aBurgess, James 0aChronology of modern India : bfor four hundred years from the close of the fifteenth century a. d. 1494 - 1894 / cJames Burgess a1st ed. aChennai : bMaven Books,c2024. avi, 483 p.; hb a Chronology aIndia-History, Modern